El águila y la cruz : (Record no. 61470)

MARC details
000 -LEADER
fixed length control field 00827cam a2200229 4500
005 - DATE AND TIME OF LATEST TRANSACTION
control field 20150818115858.0
008 - FIXED-LENGTH DATA ELEMENTS--GENERAL INFORMATION
fixed length control field 150818b mx ||||| |||| 00| 0 spa d
020 ## - INTERNATIONAL STANDARD BOOK NUMBER
International Standard Book Number 9681656679
050 04 - LIBRARY OF CONGRESS CALL NUMBER
Classification number BX1427
Item number A42 1999
100 1# - MAIN ENTRY--PERSONAL NAME
Personal name Alberro, Solange
245 13 - TITLE STATEMENT
Title El águila y la cruz :
Remainder of title Orígenes religiosos de la conciencia criolla : México siglos XVI-XVII /
Statement of responsibility, etc Solange Alberro.
250 ## - EDITION STATEMENT
Edition statement 1a ed.
260 ## - PUBLICATION, DISTRIBUTION, ETC. (IMPRINT)
Place of publication, distribution, etc México. :
Name of publisher, distributor, etc Fideicomiso História de las Américas, El Colegio de México, F. C. E.,
Date of publication, distribution, etc 1999
300 ## - PHYSICAL DESCRIPTION
Extent 192 p.
Other physical details il. ;
Dimensions 22 cm.
490 ## - SERIES STATEMENT
Series statement Seccion de obras de historia. Ensayos
500 ## - GENERAL NOTE
General note 2 ejemplares
504 ## - BIBLIOGRAPHY, ETC. NOTE
Bibliography, etc Bibliografia: p. 179-190
505 ## - FORMATTED CONTENTS NOTE
Formatted contents note Proyecto FOMES 1999, uno de ellos
650 #7 - SUBJECT ADDED ENTRY--TOPICAL TERM
Source of heading or term LEMB
Topical term or geographic name as entry element Nacionalismo
Geographic subdivision Mexico
650 #7 - SUBJECT ADDED ENTRY--TOPICAL TERM
Topical term or geographic name as entry element Iglesia Católica en México
Source of heading or term LEMB
942 ## - ADDED ENTRY ELEMENTS (KOHA)
Source of classification or shelving scheme Biblioteca del Cogreso de los Estados Unidos
Koha item type Libro
Holdings
Estado de pérdida Fuente de clasificación Estado del daño No para préstamo Ubicación permanente Ubicación actual Apartado o colección Fecha de adquisición Edición Dependencia de educación superior (DES) Área del conocimiento Clasificación Código de Barras Date last seen Número de copia Tipo de recurso Nota pública
  Biblioteca del Cogreso de los Estados Unidos     Biblioteca del Instituto de Investigaciones Históricas Biblioteca del Instituto de Investigaciones Históricas General 18/08/2015 1a ed. Humanidades Educación y Humanidades BX1427 A43 1999 IIH000013376 18/08/2015 C: 1 Libro GENERAL
  Biblioteca del Cogreso de los Estados Unidos     Biblioteca del Instituto de Investigaciones Históricas Biblioteca del Instituto de Investigaciones Históricas General 18/08/2015 1a ed. Humanidades Educación y Humanidades BX1427 A43 1999 IIH000013377 18/08/2015 C: 2 Libro GENERAL